| 000 | 01621nam a2200325Ia 4500 | ||
|---|---|---|---|
| 001 | ebr10020631 | ||
| 003 | CaPaEBR | ||
| 006 | m u | ||
| 007 | cr cn||||||||| | ||
| 008 | 020509s2003 nyua sb 001 0 eng d | ||
| 010 | _z 2002007305 | ||
| 020 | _z9780814426821 | ||
| 020 | _z0814407382 | ||
| 040 |
_aCaPaEBR _cCaPaEBR |
||
| 035 | _a(OCoLC)52238599 | ||
| 050 | 1 | 4 |
_aHF5549.5.M63 _bH52 2003eb |
| 082 | 0 | 4 |
_a658.3/14 _221 |
| 100 | 1 | _aHiam, Alexander. | |
| 245 | 1 | 0 |
_aMotivational management _h[electronic resource] : _binspiring your people for maximum performance / _cAlexander Hiam. |
| 260 |
_aNew York ; _aLondon : _bAMACOM, _cc2003. |
||
| 300 |
_aix, 276 p. : _bill. |
||
| 504 | _aIncludes bibliographical references and index. | ||
| 505 | 0 | _aThe quest for star performers -- Creating a positive performance environment -- Rethinking management communications -- Using motivational communication techniques -- Tackling the feelings that drive performance -- Providing challenging opportunities -- Using feedback to motivate -- Eliminating contaminants -- Transforming negative attitudes -- Appealing to individual motives -- Using recognition and rewards. | |
| 533 |
_aElectronic reproduction. _bPalo Alto, Calif. : _cebrary, _d2013. _nAvailable via World Wide Web. _nAccess may be limited to ebrary affiliated libraries. |
||
| 650 | 0 | _aEmployee motivation. | |
| 650 | 0 | _aPersonnel management. | |
| 655 | 7 |
_aElectronic books. _2local |
|
| 710 | 2 | _aebrary, Inc. | |
| 856 | 4 | 0 |
_uhttp://site.ebrary.com/lib/rucke/Doc?id=10020631 _zAn electronic book accessible through the World Wide Web; click to view |
| 999 |
_c9306 _d9306 |
||